000 00953nam a2200289Ia 4500
003 OSt
005 20221002045111.0
006 a|||||r|||| 00| 0
007 ta
008 220930b |||||||| |||| 00| 0 eng d
020 _a9780415527897 (hbk)
_cUKP 150.00
024 _a29935
037 _b0360, 02/03/2017, Synergy Books India
_cReference Collections
040 _aCRL
_cCRL
_beng
041 _2eng
_aeng
082 _aPvg, Q5(RR)
100 _aBowern Claire Ed.
_939858
245 0 _aRoutledge handbook of historical linguistics
260 _aLondon
_bRoutledge UK
_c2015
300 _axviii,756p.
_ccm.
500 _aRoutledge handbooks in linguistics
650 _a LINGUISTICS
650 _aLANGUAGE AND LANGUAGES
_98342
700 _a Evans Bethwyn Ed.
_939859
942 _hPvg, Q5(RR)
_cref
_2CC
999 _c911755
_d911755